[Event "Le Touquet op-B 20th"]
[Site "Le Touquet"]
[Date "2005.10.23"]
[Round "1"]
[White "Bertignac, Vincent"]
[Black "Coutreel, Francois"]
[Result "1-0"]
[WhiteElo "1410"]
[BlackElo "1050"]
[PlyCount "61"]
[EventDate "2005.10.22"]
[EventType "swiss"]
[EventRounds "9"]
[EventCountry "FRA"]
[SourceTitle "EXT 2006"]
[Source "ChessBase"]
[SourceDate "2005.11.24"]
[SourceVersion "1"]
[SourceVersionDate "2005.11.24"]
[SourceQuality "1"]

1. d4 e6 2. c4 d5 3. cxd5 exd5 4. Nc3 Bb4 5. Qc2 Bxc3+ 6. bxc3 Qe7 7. Nf3 Qe6 8. e3 Qf5 9. Bd3 Qd7 10. Ne5 Qe7 11. Bxh7 Nf6 12. Bd3 Nh5 13. Be2 Nc6 14. Nxc6 bxc6 15. Bf3 Nf6 16. c4 0-0 17. a4 Qb4+ 18. Bd2 Qxc4 19. Qxc4 dxc4 20. Bxc6 Rb8 21. 0-0 Ba6 22. Rfc1 Ne4 23. Bxe4 Rb2 24. Ba5 Rc8 25. Bf5 Rcb8 26. Bxc7 R8b3 27. Ba5 Re2 28. Rc2 Rb1+ 29. Rxb1 Rxc2 30. Rb8+ Bc8 31. Rxc8# 1-0